书目信息 |
| 题名: |
单片微型计算机原理及应用学习指导及实验
|
|
| 作者: | 顾筠 主编 | |
| 分册: | ||
| 出版信息: | 南京 东南大学出版社 2004.09 |
|
| 页数: | 154页 | |
| 开本: | 26cm | |
| 丛书名: | 高等学校计算机专业系列教材 | |
| 单 册: | ||
| 中图分类: | TP368.1-42 | |
| 科图分类: | ||
| 主题词: | 单片微型计算机--教学参考资料 | |
| 电子资源: | ||
| ISBN: | 7-81089-709-8 | |
| 000 | 01034nam 2200253 450 | |
| 001 | 0170008687 | |
| 005 | 20050919174600.24 | |
| 010 | @a7-81089-709-8@dCNY19.00(含光盘) | |
| 100 | @a20050428d2004 km y0chiy0120 ea | |
| 101 | 0 | @achi |
| 102 | @aCN@b320000 | |
| 105 | @aa z 000yy | |
| 200 | 1 | @a单片微型计算机原理及应用学习指导及实验@Adan pian wei xing ji suan ji yuan li ji ying yong xue xi zhi dao ji shi yan@f顾筠主编@Fgu jun zhu bian |
| 210 | @a南京@c东南大学出版社@d2004.09 | |
| 215 | @a154页@c图@d26cm@e光盘1片 | |
| 225 | 2 | @a高等学校计算机专业系列教材 |
| 330 | @a本书共3部分,第一部分为各章学习指导,提炼出各章知识点,以便于初学者掌握学习要求;第二部分为各章习题解答,将每章的思考与练习题汇编并给出答案;第三部分为实验指导。 | |
| 333 | @a大专院校相关专业师生,单片机技术应用开发工程技术人员,初学者 | |
| 410 | 0 | @12001 @a高等学校计算机专业系列教材 |
| 606 | 0 | @a单片微型计算机@x教学参考资料 |
| 690 | @aTP368.1-42@v4 | |
| 701 | 0 | @a顾筠@Agu jun@4主编 |
| 801 | 0 | @aCN@bQSSK@c20050919 |
| 905 | @a10447@dTP368.1-42@eG492 | |
| 单片微型计算机原理及应用学习指导及实验/顾筠主编.-南京:东南大学出版社,2004.09 |
| 154页:图;26cm+光盘1片.-(高等学校计算机专业系列教材) |
| 使用对象:大专院校相关专业师生,单片机技术应用开发工程技术人员,初学者 |
| ISBN 7-81089-709-8:CNY19.00(含光盘) |
| 本书共3部分,第一部分为各章学习指导,提炼出各章知识点,以便于初学者掌握学习要求;第二部分为各章习题解答,将每章的思考与练习题汇编并给出答案;第三部分为实验指导。 |
| ● |
| 相关链接 |
|
|
|
正题名:单片微型计算机原理及应用学习指导及实验
索取号:TP368.1-42/G492
 
预约/预借
| 序号 | 登录号 | 条形码 | 馆藏地/架位号 | 状态 | 备注 |
| 1 | 524505 | 205245055 | 自科库301/301自科库 63排5列5层/ [索取号:TP368.1-42/G492] | 在馆 | |
| 2 | 524506 | 205245064 | 自科二线404/301自科库 58排6列2层/ [索取号:TP368.1-42/G492] | 在馆 | |
| 3 | 524507 | 205245073 | 自科库301/301自科库 63排5列5层/ [索取号:TP368.1-42/G492] | 在馆 |